Welcome to CU Library Online Public Access Catalogue (OPAC)

Essentials of econometrics / (Record no. 5843)

MARC details
000 -LEADER
fixed length control field 00560pam a2200193 a 4500
001 - CONTROL NUMBER
control field 2013994
005 - DATE AND TIME OF LATEST TRANSACTION
control field 20250519114622.0
008 - FIXED-LENGTH DATA ELEMENTS--GENERAL INFORMATION
fixed length control field 910329s1992 nyua b 001 0 eng
020 ## - INTERNATIONAL STANDARD BOOK NUMBER
International Standard Book Number 0070251940 :
Terms of availability $31.96
050 00 - LIBRARY OF CONGRESS CALL NUMBER
Classification number HB139
Item number .G85 1992
082 00 - DEWEY DECIMAL CLASSIFICATION NUMBER
Classification number 330/.01/5195
Edition information 20
100 1# - MAIN ENTRY--PERSONAL NAME
Personal name Gujarati, Damodar N.
245 10 - TITLE STATEMENT
Title Essentials of econometrics /
Statement of responsibility, etc. Damodar Gujarati.
260 ## - PUBLICATION, DISTRIBUTION, ETC.
Place of publication, distribution, etc. New York :
Name of publisher, distributor, etc. McGraw-Hill,
Date of publication, distribution, etc. c1992.
300 ## - PHYSICAL DESCRIPTION
Extent xxii, 466 p. :
Other physical details ill. ;
Dimensions 24 cm.
650 #0 - SUBJECT ADDED ENTRY--TOPICAL TERM
Topical term or geographic name entry element Econometrics.
650 #0 - SUBJECT ADDED ENTRY--TOPICAL TERM
Topical term or geographic name entry element Economics
General subdivision Statistical methods.
942 ## - ADDED ENTRY ELEMENTS (KOHA)
Source of classification or shelving scheme Library of Congress Classification
Koha item type Books
Suppress in OPAC No
999 ## -
-- 5843
-- 5843
Holdings
Withdrawn status Lost status Source of classification or shelving scheme Damaged status Not for loan Collection Home library Current library Shelving location Date acquired Total checkouts Full call number Barcode Date last seen Copy number Price effective from Koha item type
    Library of Congress Classification     Non-fiction Undergraduate Library (Christ Temple) Undergraduate Library (Christ Temple) General stacks 05/19/2025   HB135 GUJ ulct00002487 05/19/2025 1 05/19/2025 Books
    Library of Congress Classification     Non-fiction Undergraduate Library (Christ Temple) Undergraduate Library (Christ Temple) General stacks 05/19/2025   HB135 GUJ ulct00002488 05/19/2025 2 05/19/2025 Books
    Library of Congress Classification     Non-fiction Undergraduate Library (Christ Temple) Undergraduate Library (Christ Temple) General stacks 05/19/2025   HB135 GUJ ulct00002489 05/19/2025 3 05/19/2025 Books
© 2023-2024 Copyright: Central University Libraries. All Rights Reserved | Created by: Mahone Tech Office